Normal view
MARC view
Entry Topical Term
001 - CONTROL NUMBER
- control field: 43692
003 - CONTROL NUMBER IDENTIFIER
- control field: ARRUPE
005 - DATE AND TIME OF LATEST TRANSACTION
- control field: 20181129120456.0
008 - FIXED-LENGTH DATA ELEMENTS
- fixed length control field: 181129|| aca||aabn | a|a d
040 ## - CATALOGING SOURCE
- Original cataloging agency: ARRUPE
- Transcribing agency: ARRUPE
150 ## - HEADING--TOPICAL TERM
- Topical term or geographic name as entry element: Physical anthropologists
- Geographic subdivision: Great Britain
- Form subdivision: Biography.
670 ## - SOURCE DATA FOUND
- Source citation: Work cat.: (ARRUPE)0: Morell, Virginia. 43689, Ancestral passions :, c1995.